The A to Z of Buddhism : (Record no. 605675)

MARC details
000 -LEADER
fixed length control field 00479nam a2200193 a 4500
008 - FIXED-LENGTH DATA ELEMENTS--GENERAL INFORMATION
fixed length control field 251227s2001##################000#0#eng##
020 ## - INTERNATIONAL STANDARD BOOK NUMBER
ISBN 9780810840690
082 04 - DEWEY DECIMAL CLASSIFICATION NUMBER
Classification number 294.303
Item number PRE
100 1# - MAIN ENTRY--AUTHOR NAME
Personal name Prebish, Charles S.,
245 10 - TITLE STATEMENT
Title The A to Z of Buddhism :
260 ## - PUBLICATION, DISTRIBUTION, ETC. (IMPRINT)
Year of publication 2001.
300 ## - PHYSICAL DESCRIPTION
Number of Pages 314 pages
650 #0 - SUBJECT ADDED ENTRY--TOPICAL TERM
Topical Term Religion.
942 ## - ADDED ENTRY ELEMENTS (KOHA)
Koha item type English Books
Holdings
Withdrawn status Lost status Damaged status Not for loan Home library Current library Shelving location Date acquired Full call number Accession Number Price effective from Koha item type
        Anna Centenary Library Anna Centenary Library 3RD FLOOR, B WING 29.12.2025 294.303 PRE 480566 29.12.2025 English Books

Find us on the map